| 000 | 01593nam a22004097a 4500 | ||
|---|---|---|---|
| 001 | 13582834 | ||
| 003 | OSt | ||
| 005 | 20210414085030.0 | ||
| 008 | 040505s2004 nyua 001 0 eng | ||
| 010 |
_a 2004046371 _z 2004050151 |
||
| 020 | _a1579123228 | ||
| 040 |
_aDLC _cDLC _dDLC _beng |
||
| 041 | _aeng | ||
| 042 | _apcc | ||
| 043 | _an-us--- | ||
| 050 | 0 | 0 |
_aNC1428.N47 _bC66 2004 |
| 080 |
_a7 _bM-24 |
||
| 082 | 0 | 0 |
_a741.5/973 _222 |
| 100 |
_91398 _aMankoff, Robert _eEditor |
||
| 245 | 0 | 4 |
_aThe complete cartoons of the New Yorker / _cedited by Robert Mankoff ; foreword by David Remnick. _b/ by: Black Dog and Leventhal Publishers |
| 260 |
_aNew York _bBlack Dog and Leventhal Publishers _c2004. |
||
| 300 |
_a656 p. _cill. _c34 cm. + _e2 CD-ROMs (4 3/4 in.) |
||
| 365 | _b60 usd | ||
| 500 | _aIncludes index. | ||
| 630 | 0 | 0 | _aNew Yorker (New York, N.Y. : 1925) |
| 650 | 0 |
_aCaricatures and cartoons _zUnited States. |
|
| 650 | 0 |
_aArt _9447 |
|
| 650 | 0 | _aAmerican wit and humor, Pictorial. | |
| 653 | _aხელოვნება | ||
| 700 | 1 | _aMankoff, Robert. | |
| 730 | 0 | _aNew Yorker (New York, N.Y. : 1925) | |
| 856 | 4 | 2 |
_3Publisher description _uhttp://www.loc.gov/catdir/enhancements/fy0713/2004046371-d.html |
| 856 | 4 | 2 |
_3Contributor biographical information _uhttp://www.loc.gov/catdir/enhancements/fy1510/2004046371-b.html |
| 906 |
_a7 _bcbc _corignew _d1 _eocip _f20 _gy-gencatlg |
||
| 942 |
_2udc _cBK |
||
| 999 |
_c2185 _d2185 |
||